University microbiology - II : (Record no. 59628)

MARC details
000 -LEADER
fixed length control field 00987nam a22002777a 4500
005 - DATE AND TIME OF LATEST TRANSACTION
control field 20111219143959.0
008 - FIXED-LENGTH DATA ELEMENTS--GENERAL INFORMATION
fixed length control field 111219t xxu||||| |||| 00| 0 eng d
010 ## - LCCN (DPL NO)
LC control number ENG-104394
020 ## - INTERNATIONAL STANDARD BOOK NUMBER
International Standard Book Number 9788175156258
Terms of availability 250.00
020 ## - INTERNATIONAL STANDARD BOOK NUMBER
International Standard Book Number 8175156252
Terms of availability 250.00
035 ## - SYSTEM CONTROL NUMBER
System control number EN -87927
037 ## - SOURCE OF ACQUISITION
Source of stock number/acquisition DBAD/PUB
040 ## - CATALOGING SOURCE
Original cataloging agency DPL
Language of cataloging Eng
082 ## - DEWEY DECIMAL CLASSIFICATION NUMBER
Classification number 572.8
100 ## - MAIN ENTRY--PERSONAL NAME
9 (RLIN) 36352
245 ## - TITLE STATEMENT
Title University microbiology - II :
Statement of responsibility, etc by S.M.Reddy ...[et al]
Remainder of title microbial metabolism & molecular biology /
260 ## - PUBLICATION, DISTRIBUTION, ETC. (IMPRINT)
Place of publication, distribution, etc New Delhi
Name of publisher, distributor, etc Galgotia Publications
Date of publication, distribution, etc 2011
270 ## - ADDRESS
Address 5, Ansari Road, Darya Ganj,
City New Delhi
Postal code 110002
300 ## - PHYSICAL DESCRIPTION
Extent xiv,298p. :
Dimensions 24cm (pbk)
Other physical details ill.
500 ## - GENERAL NOTE
General note Includes bibliographical references and index
600 ## - SUBJECT ADDED ENTRY--PERSONAL NAME
9 (RLIN) 36476
610 ## - SUBJECT ADDED ENTRY--CORPORATE NAME
9 (RLIN) 36477
700 ## - ADDED ENTRY--PERSONAL NAME
Personal name Reddy, S.M.
9 (RLIN) 37118
942 ## - ADDED ENTRY ELEMENTS (KOHA)
Source of classification or shelving scheme Dewey Decimal Classification
Item type English Books
Call number suffix UNI
Classification part 572.8
Holdings
Withdrawn status Lost status Source of classification or shelving scheme Damaged status Not for loan Collection code Home library Current library Date acquired Source of acquisition Cost, normal purchase price Total Checkouts Full call number Barcode Date last seen Copy number Cost, replacement price Koha item type
    Dewey Decimal Classification   Not For Loan Non-fiction D.B.Act.Division D.B.Act.Division 19/12/2011 DBAD / PUB 250.00   572.8 UNI EN -87927 19/12/2011 1 250.00 English Books

© Delhi Public Library
Hit Counter
free hit counter